[Event "DVM U20 2013"]
[Site "Osnabrück GER"]
[Date "2013.12.27"]
[Round "1"]
[White "Karataev, Phillip"]
[Black "Joeres, Roman"]
[Result "1-0"]
[Termination "normal"]
[Board "8.5"]
[WhiteElo "1652"]
[BlackElo "1500"]
[WhiteTeam "SC Erlangen"]
[BlackTeam "Karlsruher SF 1853"]
[WhiteFideId "12908975"]
[BlackFideId "12964816"]
[EventCountry "GER"]
[EventRounds "7"]
[EventType "team-swiss"]
[EventDate "2013.12.26"]

1. Nf3 d5 2. g3 Nf6 3. Bg2 Bf5 4. O-O Nc6 5. d4 e6 6. c4 Be7 7. Nc3 O-O 8. Bf4
a6 9. Ne5 Na7 10. Re1 c6 11. c5 Nd7 12. e4 dxe4 13. Bxe4 Bxe4 14. Nxe4 Nxe5 15.
Bxe5 f6 16. Bf4 Nb5 17. Be3 Qd5 18. Nc3 Nxc3 19. bxc3 e5 20. Rb1 Ra7 21. Qb3
Qxb3 22. Rxb3 Rd8 23. Reb1 Rd7 24. Kg2 Kf7 25. Kf3 g5 26. g4 h6 27. h3 Bf8 28.
Rd1 Bxc5 29. Ke2 exd4 30. cxd4 Bf8 31. d5 Ra8 32. dxc6 Rxd1 33. Rxb7+ Ke6 34.
Kxd1 Rc8 35. Rb6 Kd6 36. Rxa6 Rxc6 37. Rxc6+ Kxc6 38. Bd4 Be7 39. Ke2 Kd5 40.
Bb2 Ke4 41. a4 f5 42. Bg7 fxg4 43. hxg4 Kf4 44. f3 Bb4 45. Bxh6 Bc3 46. Bf8 1-0

[Event "DVM U20 2013"]
[Site "Osnabrück GER"]
[Date "2013.12.27"]
[Round "1"]
[White "Ospina Ocampo, Antonio"]
[Black "Wegmann, Simon"]
[Result "0-1"]
[Termination "normal"]
[Board "8.6"]
[WhiteElo "1320"]
[BlackElo "1705"]
[WhiteTeam "Karlsruher SF 1853"]
[BlackTeam "SC Erlangen"]
[WhiteFideId "12946362"]
[BlackFideId "1270758"]
[EventCountry "GER"]
[EventRounds "7"]
[EventType "team-swiss"]
[EventDate "2013.12.26"]

1. e4 e5 2. Nf3 Nc6 3. Nc3 Nf6 4. Bb5 Nd4 5. Bc4 d6 6. h3 Be6 7. Bb3 Be7 8. d3
h6 9. Be3 Nxb3 10. axb3 a6 11. d4 exd4 12. Bxd4 O-O 13. O-O Re8 14. e5 dxe5 15.
Bxe5 Qc8 16. Qe2 Bd6 17. Rfe1 Bxe5 18. Nxe5 Bd5 19. Nxd5 Nxd5 20. Qc4 c6 21.
Nf3 Qf5 22. Kf1 Qf6 23. c3 Nf4 24. Qd4 Qxd4 25. Nxd4 Kf8 26. Ne2 Nd3 27. Red1
Rad8 28. Rd2 Ne5 29. Rxd8 Rxd8 30. Nd4 Re8 31. Rd1 Rd8 32. Ke2 g6 33. f3 Ke7
34. Re1 Kf6 35. Kf2 Nd3+ 36. Kf1 Nxe1 37. Kxe1 c5 38. Ne2 g5 39. Ng3 Kg6 40.
Ne4 b6 41. Ke2 f5 42. Nd2 Kh5 43. Nc4 b5 44. Ne3 f4 45. Nf1 Kg6 46. Nd2 Kf5 47.
Ne4 c4 48. b4 h5 49. Nf2 Rg8 50. Kf1 Re8 51. Ne4 Rxe4 52. fxe4+ Kxe4 53. Ke2 g4
54. hxg4 hxg4 55. Ke1 Ke3 0-1

[Event "DVM U20 2013"]
[Site "Osnabrück GER"]
[Date "2013.12.28"]
[Round "3"]
[White "Kremser, Michael"]
[Black "Zimmermann, Ulrich"]
[Result "0-1"]
[Termination "normal"]
[Board "1.1"]
[WhiteElo "2001"]
[BlackElo "2267"]
[WhiteTeam "SG Porz"]
[BlackTeam "SK Bebenhausen 1992"]
[WhiteFideId "1270131"]
[BlackFideId "24654523"]
[EventCountry "GER"]
[EventRounds "7"]
[EventType "team-swiss"]
[EventDate "2013.12.26"]

1. d4 d5 2. c4 dxc4 3. Nf3 Nf6 4. Nc3 a6 5. a4 e6 6. e3 b6 7. Bxc4 Bb7 8. O-O
Bb4 9. Na2 Bd6 10. b4 O-O 11. b5 axb5 12. axb5 Nbd7 13. Bb2 Ng4 14. d5 Nxh2 15.
Nxh2 Bxh2+ 16. Kxh2 Qh4+ 17. Kg1 Qxc4 18. dxe6 Qxe6 19. Qd4 Qg6 20. f3 Nc5 21.
Nc1 Rad8 22. Qc3 Qg5 23. Qe5 Qg6 24. Bd4 Rd5 25. Qxc7 Rc8 26. Qe7 Rg5 27. Ra2
Bd5 28. Rd2 Ne6 29. Nd3 Nxd4 30. exd4 Rf5 31. Ne5 Qh6 32. Rc2 Qe3+ 33. Rff2 Ra8
34. Qh4 h6 35. Rce2 Ra1+ 36. Kh2 Qc1 37. Qd8+ Kh7 38. Qxd5 Rh5+ 39. Kg3 Qg5+
40. Ng4 Qxd5 0-1

[Event "DVM U20 2013"]
[Site "Osnabrück GER"]
[Date "2013.12.28"]
[Round "3"]
[White "Braun, Georg"]
[Black "Pauly, Carlo"]
[Result "1-0"]
[Termination "normal"]
[Board "1.2"]
[WhiteElo "2197"]
[BlackElo "2100"]
[WhiteTeam "SK Bebenhausen 1992"]
[BlackTeam "SG Porz"]
[WhiteFideId "24629383"]
[BlackFideId "24673269"]
[EventCountry "GER"]
[EventRounds "7"]
[EventType "team-swiss"]
[EventDate "2013.12.26"]

1. e4 c5 2. Nf3 d6 3. d4 cxd4 4. Nxd4 Nf6 5. Nc3 a6 6. h3 e5 7. Nde2 h5 8. Bg5
Be7 9. Bxf6 Bxf6 10. Nd5 Nc6 11. Ng3 g6 12. Bc4 O-O 13. O-O Bg5 14. Ne2 b5 15.
Bb3 a5 16. a3 Ba6 17. f4 exf4 18. Ndxf4 Ne5 19. Kh1 Rc8 20. Ng3 a4 21. Bd5 b4
22. Nge2 Bxf4 23. Rxf4 Qg5 24. Rf2 b3 25. Nd4 Qg3 26. Qe1 bxc2 27. Rxc2 Qg5 28.
Rxc8 Rxc8 29. Rd1 Kg7 30. Qf2 Qe7 31. Qg3 Kh7 32. Nf3 Be2 33. Ng5+ Kg7 34. Re1
Rc2 35. b3 Qf6 36. Rg1 Bg4 37. Nxf7 Bxh3 38. Nxe5 Bxg2+ 39. Rxg2 Qf1+ 40. Rg1
1-0

[Event "DVM U20 2013"]
[Site "Osnabrück GER"]
[Date "2013.12.28"]
[Round "3"]
[White "Finke, Kai"]
[Black "Gibicar, Danijel"]
[Result "0-1"]
[Termination "normal"]
[Board "1.3"]
[WhiteElo "2100"]
[BlackElo "2145"]
[WhiteTeam "SG Porz"]
[BlackTeam "SK Bebenhausen 1992"]
[WhiteFideId "1270611"]
[BlackFideId "24660256"]
[EventCountry "GER"]
[EventRounds "7"]
[EventType "team-swiss"]
[EventDate "2013.12.26"]

1. d4 Nf6 2. c4 c5 3. d5 b5 4. cxb5 a6 5. f3 axb5 6. e4 Qa5+ 7. Bd2 b4 8. Na3
d6 9. Nc4 Qd8 10. a3 e6 11. dxe6 Bxe6 12. axb4 Rxa1 13. Qxa1 d5 14. exd5 Nxd5
15. Qa4+ Nd7 16. b5 N7b6 17. Nxb6 Nxb6 18. Qe4 Be7 19. Bc3 Bd5 20. Qe5 f6 21.
Qf5 O-O 22. Nh3 Re8 23. Be2 Bd6 24. Kf2 Qe7 25. Re1 Be6 26. Qh5 Bf7 27. Qg4
Qe3+ 28. Kf1 Nd5 29. Qd7 Qe6 30. Qxe6 Bxe6 31. Bc4 Ne3+ 32. Rxe3 Bxc4+ 33. Kf2
Rb8 34. g3 Kf7 35. f4 Be6 36. Ng1 Rxb5 37. Rd3 Be7 38. Nf3 Rb3 39. Nd2 Rb8 40.
Nf3 h6 41. Rd2 g5 42. Rd1 gxf4 43. gxf4 Rg8 44. Rg1 Rd8 45. Nh4 c4 46. Ra1 Bc5+
47. Ke1 Bg4 48. Kf1 Re8 49. Re1 Bh3+ 50. Ng2 Rg8 51. Re2 Rg4 52. Bd2 Kg6 53.
Be3 Bxe3 54. Rxe3 Bxg2+ 0-1

[Event "DVM U20 2013"]
[Site "Osnabrück GER"]
[Date "2013.12.28"]
[Round "3"]
[White "Faerber, Eric"]
[Black "Eigemann, Frederik"]
[Result "1-0"]
[Termination "normal"]
[Board "1.4"]
[WhiteElo "2089"]
[BlackElo "2015"]
[WhiteTeam "SK Bebenhausen 1992"]
[BlackTeam "SG Porz"]
[WhiteFideId "24657611"]
[BlackFideId "24692034"]
[EventCountry "GER"]
[EventRounds "7"]
[EventType "team-swiss"]
[EventDate "2013.12.26"]

1. e4 e6 2. d4 d5 3. Nd2 Be7 4. Bd3 Nf6 5. e5 Nfd7 6. c3 c5 7. Ndf3 b6 8. Ne2
Ba6 9. Bc2 Nc6 10. O-O Rc8 11. a3 g5 12. Bd3 Bxd3 13. Qxd3 c4 14. Qe3 Rg8 15.
Nd2 Nf8 16. f4 Qd7 17. Ng3 Ng6 18. Nh5 gxf4 19. Qh3 Kd8 20. Nf3 Kc7 21. Bxf4
Qd8 22. Bg3 Qf8 23. Nf6 Bxf6 24. exf6+ Kb7 25. Nd2 Rh8 26. Qh5 Qe8 27. a4 Na5
28. Qf3 Qc6 29. Qf2 Ka8 30. Nf3 Nb3 31. Ra3 Rhd8 32. Ng5 Rd7 33. Nxh7 e5 34.
dxe5 d4 35. cxd4 Rxd4 36. Qf3 Rd5 37. Ng5 Nd2 38. Qe2 Nxf1 39. Kxf1 Qd7 40. Qf3
Rc6 41. Re3 Rd1+ 42. Re1 Rd3 43. Qe4 Nf8 44. Nxf7 Rd4 45. Qf3 Rd3 46. Qh5 Qd5
47. Ng5 Rd2 48. Qf3 1-0

[Event "DVM U20 2013"]
[Site "Osnabrück GER"]
[Date "2013.12.28"]
[Round "3"]
[White "Eigemann, Julian"]
[Black "Lebeda, Timo"]
[Result "1/2-1/2"]
[Termination "normal"]
[Board "1.5"]
[WhiteElo "1916"]
[BlackElo "2095"]
[WhiteTeam "SG Porz"]
[BlackTeam "SK Bebenhausen 1992"]
[WhiteFideId "24666599"]
[BlackFideId "4638565"]
[EventCountry "GER"]
[EventRounds "7"]
[EventType "team-swiss"]
[EventDate "2013.12.26"]

1. Nc3 d5 2. e4 dxe4 3. Nxe4 Bf5 4. Ng3 Bg6 5. Nf3 Nd7 6. Bc4 Ngf6 7. Qe2 e6 8.
d4 Be7 9. c3 O-O 10. Nh4 c5 11. Nxg6 hxg6 12. Be3 a6 13. dxc5 Nxc5 14. Bxc5
Bxc5 15. Rd1 Qc7 16. O-O Rad8 17. Ne4 Nxe4 18. Qxe4 Qb6 19. Qe2 a5 20. b3 Be7
21. Rxd8 Rxd8 22. Rd1 Bf6 23. Rd3 a4 24. Rxd8+ Qxd8 25. Qf3 a3 26. Qxb7 Bxc3
27. Qf3 Qd2 28. Qd3 Qc1+ 29. Qf1 Qb2 30. b4 Bxb4 31. g3 Bc5 32. Kg2 e5 33. Qe2
e4 34. Qxe4 Qxf2+ 35. Kh3 Qf5+ 36. Qxf5 gxf5 37. Kg2 Kf8 38. Kf3 Ke7 39. h3 g5
40. g4 f4 41. Ke4 Bb4 42. Bb3 f6 43. Bc4 Kd6 44. Bb3 Kc5 45. Bf7 Be1 46. Be6
Kb4 47. Bf7 Kc3 48. Be6 Kb2 49. Bf7 Bc3 50. Be6 Be5 51. Bf7 Kc3 52. Be6 Kd2 53.
Bc4 Bb2 54. Bb5 Kc3 55. Ba6 Bc1 56. Bb5 Kb2 57. Bc4 Kc3 58. Bb5 Kb2 59. Bc4 Kc3
60. Bb5 Kb2 1/2-1/2

[Event "DVM U20 2013"]
[Site "Osnabrück GER"]
[Date "2013.12.28"]
[Round "3"]
[White "Alber, Alexander"]
[Black "Spindler, Florian"]
[Result "1-0"]
[Termination "normal"]
[Board "1.6"]
[WhiteElo "1919"]
[BlackElo "1610"]
[WhiteTeam "SK Bebenhausen 1992"]
[BlackTeam "SG Porz"]
[WhiteFideId "4640039"]
[BlackFideId "12964387"]
[EventCountry "GER"]
[EventRounds "7"]
[EventType "team-swiss"]
[EventDate "2013.12.26"]

1. e4 c5 2. Nf3 e6 3. d4 cxd4 4. Nxd4 a6 5. c4 Nc6 6. Be3 Nf6 7. Bd3 Be7 8. Nc3
Qc7 9. O-O d6 10. Rc1 Nxd4 11. Bxd4 Bd7 12. Qe2 O-O 13. Kh1 Bc6 14. Nd5 Qd8 15.
Nxe7+ Qxe7 16. e5 Nd7 17. f4 Rad8 18. Rc3 dxe5 19. fxe5 Qg5 20. Bb1 h6 21. Rg3
Qe7 22. Qh5 f5 23. Qxh6 Nb8 24. Bc5 Qd7 25. Bxf8 Kxf8 26. Qh8+ 1-0

[Event "DVM U20 2013"]
[Site "Osnabrück GER"]
[Date "2013.12.28"]
[Round "3"]
[White "Kugler, Florian"]
[Black "Kieslich, Aaron"]
[Result "1-0"]
[Termination "normal"]
[Board "2.1"]
[WhiteElo "2202"]
[BlackElo "2021"]
[WhiteTeam "Hamburger SK"]
[BlackTeam "TuS Coswig 1920"]
[WhiteFideId "4633300"]
[BlackFideId "1270391"]
[EventCountry "GER"]
[EventRounds "7"]
[EventType "team-swiss"]
[EventDate "2013.12.26"]

1. Nf3 Nf6 2. c4 b6 3. g3 Bb7 4. Bg2 e6 5. O-O Be7 6. Nc3 c5 7. d4 cxd4 8. Qxd4
d6 9. Bg5 h6 10. Bxf6 Bxf6 11. Qf4 Bxc3 12. bxc3 Qc7 13. Rfd1 O-O 14. Rxd6 Nd7
15. Rad1 Nf6 16. Ne5 Bxg2 17. Kxg2 Rfd8 18. Rxd8+ Rxd8 19. Rxd8+ Qxd8 20. Qd4
Qc7 21. f3 Kf8 22. e4 Ke7 23. Nd3 Nd7 24. Kf1 Kf8 25. Ke2 Ke7 26. Kd2 Kf8 27.
Kc2 Ke7 28. Kb3 e5 29. Qd5 Nc5+ 30. Kc2 Nxd3 31. Kxd3 Qd6 32. f4 f6 33. fxe5
fxe5 34. Kc2 g5 35. Kb3 g4 36. Ka4 Qf6 37. Qb7+ Kf8 38. Qc8+ Ke7 39. Qxg4 Qf2
40. Qg7+ Kd8 41. Qh8+ Kd7 42. Qh7+ Kd8 43. Kb3 Qf1 44. Qxh6 Qb1+ 45. Ka3 Qxe4
46. Qh4+ 1-0

[Event "DVM U20 2013"]
[Site "Osnabrück GER"]
[Date "2013.12.28"]
[Round "3"]
[White "Kramer, Julian"]
[Black "Müller, Richard"]
[Result "1-0"]
[Termination "normal"]
[Board "2.3"]
[WhiteElo "2121"]
[BlackElo "2122"]
[WhiteTeam "Hamburger SK"]
[BlackTeam "TuS Coswig 1920"]
[WhiteFideId "12921742"]
[BlackFideId "24647128"]
[EventCountry "GER"]
[EventRounds "7"]
[EventType "team-swiss"]
[EventDate "2013.12.26"]

1. e4 c5 2. Nf3 e6 3. c4 Nc6 4. Nc3 a6 5. Be2 Nd4 6. d3 Ne7 7. Nxd4 cxd4 8. Nb1
d5 9. O-O dxe4 10. dxe4 Nc6 11. f4 Bc5 12. Bd3 O-O 13. a3 a5 14. e5 f5 15. exf6
gxf6 16. Bxh7+ Kxh7 17. Qh5+ Kg7 18. Rf3 d3+ 19. Kf1 f5 20. Rg3+ Kf6 21. Qh7
Rg8 22. Rxg8 Qxg8 23. Qxg8 Nd4 24. Bd2 Nb3 25. Bc3+ Ke7 26. Qg7+ Ke8 27. Qh8+
Kd7 28. Nd2 Nxa1 29. b4 Be3 30. Qg7+ Kc6 31. b5+ 1-0

[Event "DVM U20 2013"]
[Site "Osnabrück GER"]
[Date "2013.12.28"]
[Round "3"]
[White "Hinrichs, Jan"]
[Black "von Koslowski, Utz"]
[Result "1-0"]
[Termination "normal"]
[Board "2.5"]
[WhiteElo "2076"]
[BlackElo "1764"]
[WhiteTeam "Hamburger SK"]
[BlackTeam "TuS Coswig 1920"]
[WhiteFideId "12907294"]
[BlackFideId "12964247"]
[EventCountry "GER"]
[EventRounds "7"]
[EventType "team-swiss"]
[EventDate "2013.12.26"]

1. d4 Nf6 2. c4 e6 3. g3 d5 4. Bg2 Be7 5. Nf3 O-O 6. O-O c6 7. Nbd2 Nbd7 8. Re1
Ne4 9. Ne5 Nxe5 10. dxe5 f5 11. exf6 Nxf6 12. e4 Bc5 13. Rf1 dxc4 14. e5 Nd5
15. Nxc4 b5 16. Nd2 Qb6 17. Ne4 Bd4 18. Qh5 g6 19. Qh4 Bxe5 20. Be3 Nxe3 21.
fxe3 Ba6 22. Qe7 Qxe3+ 23. Kh1 Qd4 24. Ng5 Bg7 25. Rxf8+ Rxf8 26. Qxe6+ Kh8 27.
Nf7+ Rxf7 28. Qxf7 Qd6 29. Qe8+ Qf8 30. Re1 c5 31. Qc6 1-0

[Event "DVM U20 2013"]
[Site "Osnabrück GER"]
[Date "2013.12.28"]
[Round "3"]
[White "Merker, Konstantin"]
[Black "Hinrichs, Lars"]
[Result "0-1"]
[Termination "normal"]
[Board "2.6"]
[WhiteElo "1727"]
[BlackElo "2023"]
[WhiteTeam "TuS Coswig 1920"]
[BlackTeam "Hamburger SK"]
[WhiteFideId "12964239"]
[BlackFideId "12921769"]
[EventCountry "GER"]
[EventRounds "7"]
[EventType "team-swiss"]
[EventDate "2013.12.26"]

1. d4 d5 2. c4 c6 3. Nc3 Nf6 4. Nf3 a6 5. e3 b5 6. b3 Bg4 7. h3 Bxf3 8. Qxf3 e6
9. c5 Nbd7 10. Be2 Qa5 11. Bd2 b4 12. Na4 Ne4 13. Rd1 Ndf6 14. O-O Nxd2 15.
Rxd2 Qc7 16. Bd3 Be7 17. e4 dxe4 18. Bxe4 Nxe4 19. Qxe4 O-O 20. Rfd1 Rfd8 21.
f4 Bf6 22. Rd3 Rab8 23. Nb6 Be7 24. Nc4 a5 25. Ne5 Rd5 26. Nc4 Rbd8 27. g4 g6
28. Nb6 Rxd4 29. Rxd4 Bxc5 30. Kg2 Bxd4 31. Rxd4 Qxb6 32. Rxd8+ Qxd8 33. Qxc6
Qd5+ 34. Qxd5 exd5 35. Kf3 f6 36. Ke3 Kf7 37. Kd4 Ke6 38. h4 Kd6 39. g5 fxg5
40. hxg5 Ke6 0-1

[Event "DVM U20 2013"]
[Site "Osnabrück GER"]
[Date "2013.12.28"]
[Round "3"]
[White "Peng, Xiang-Tobias"]
[Black "Günnigmann, Manuel"]
[Result "0-1"]
[Termination "normal"]
[Board "3.1"]
[WhiteElo "1936"]
[BlackElo "2166"]
[WhiteTeam "Heilbronner SV"]
[BlackTeam "Stader SV"]
[WhiteFideId "12964328"]
[BlackFideId "24640360"]
[EventCountry "GER"]
[EventRounds "7"]
[EventType "team-swiss"]
[EventDate "2013.12.26"]

1. e4 c5 2. Nf3 Nc6 3. d4 cxd4 4. Nxd4 e5 5. Nb5 d6 6. N1c3 a6 7. Na3 b5 8. Nd5
Rb8 9. Bd3 Be7 10. O-O Nf6 11. c3 Be6 12. Nc2 Nxd5 13. exd5 Bxd5 14. Qg4 g6 15.
Bh6 Be6 16. Qd1 d5 17. Re1 Bd6 18. Bf1 g5 19. Qh5 Rg8 20. f4 gxf4 21. Bxf4 Qf6
22. Bg3 Kd7 23. Ne3 Bc5 24. Kh1 Rg5 25. Qh4 Rbg8 26. Rad1 d4 27. cxd4 exd4 28.
Qf4 Qxf4 29. Bxf4 R5g7 30. a3 Bb6 31. b4 Kc8 32. Nc2 Bd5 33. Bg3 h5 34. Rd2 Kb7
35. Be5 Rg5 36. Bxd4 Nxd4 37. Nxd4 h4 38. h3 Rg3 39. Kh2 Bc7 40. Kg1 Rxh3 41.
Re7 Kb8 42. Kf2 Rh1 43. Nf5 Bb6+ 44. Ne3 Be6 45. Be2 h3 46. Bf3 h2 47. Rb7+ Kc8
48. g3 Bxe3+ 49. Kxe3 Re1+ 50. Kf4 Rg4+ 51. Bxg4 h1=Q 52. Bxe6+ Rxe6 0-1

[Event "DVM U20 2013"]
[Site "Osnabrück GER"]
[Date "2013.12.28"]
[Round "3"]
[White "Carmesin, Matthias"]
[Black "Wenninger, Patrick"]
[Result "1-0"]
[Termination "normal"]
[Board "3.2"]
[WhiteElo "2044"]
[BlackElo "1698"]
[WhiteTeam "Stader SV"]
[BlackTeam "Heilbronner SV"]
[WhiteFideId "4635965"]
[BlackFideId "12927880"]
[EventCountry "GER"]
[EventRounds "7"]
[EventType "team-swiss"]
[EventDate "2013.12.26"]

1. e4 c5 2. Nc3 Nc6 3. g3 d6 4. Bg2 g6 5. d3 Nf6 6. h3 Bg7 7. Be3 O-O 8. Nge2
Rb8 9. O-O Bd7 10. Qd2 b5 11. f4 Qc7 12. g4 b4 13. Nd1 a5 14. f5 Ne5 15. Bh6
Ne8 16. Bxg7 Kxg7 17. Nf4 e6 18. Ne3 a4 19. Rf2 b3 20. axb3 axb3 21. c3 Qc8 22.
Raf1 Nc7 23. d4 Nc6 24. Nc4 Nb5 25. dxc5 dxc5 26. f6+ Kh8 27. e5 Qc7 28. Nd3
Nca7 29. Qh6 Rg8 30. g5 Qc8 31. Rf4 Qf8 32. Qxh7+ 1-0

[Event "DVM U20 2013"]
[Site "Osnabrück GER"]
[Date "2013.12.28"]
[Round "3"]
[White "Biefel, Christian"]
[Black "Vogt, Marc Jonas"]
[Result "0-1"]
[Termination "normal"]
[Board "3.3"]
[WhiteElo "1764"]
[BlackElo "1953"]
[WhiteTeam "Heilbronner SV"]
[BlackTeam "Stader SV"]
[WhiteFideId "24692646"]
[BlackFideId "24695661"]
[EventCountry "GER"]
[EventRounds "7"]
[EventType "team-swiss"]
[EventDate "2013.12.26"]

1. c4 e6 2. Nc3 d5 3. d4 c5 4. cxd5 cxd4 5. Qxd4 Nc6 6. Qd1 exd5 7. e3 Nf6 8.
Nf3 Bb4 9. Bd2 O-O 10. a3 Bc5 11. Bb5 d4 12. exd4 Nxd4 13. Nxd4 Qxd4 14. O-O
Ng4 15. Qe2 a6 16. Ba4 Bf5 17. Qf3 Bd3 18. Ne2 Bxe2 19. Qxe2 Nxf2 20. b4 Ba7
21. Rxf2 Qxa1+ 0-1

[Event "DVM U20 2013"]
[Site "Osnabrück GER"]
[Date "2013.12.28"]
[Round "3"]
[White "Konow, Philipp"]
[Black "Mikeler, Marcel"]
[Result "1-0"]
[Termination "normal"]
[Board "3.4"]
[WhiteElo "1977"]
[BlackElo "1729"]
[WhiteTeam "Stader SV"]
[BlackTeam "Heilbronner SV"]
[WhiteFideId "4635230"]
[BlackFideId "12927856"]
[EventCountry "GER"]
[EventRounds "7"]
[EventType "team-swiss"]
[EventDate "2013.12.26"]

1. d4 Nf6 2. c4 e6 3. Nc3 d5 4. cxd5 exd5 5. Bg5 Be7 6. e3 O-O 7. Bd3 h6 8.
Bxf6 Bxf6 9. Qf3 c6 10. Nge2 Nd7 11. g4 Re8 12. O-O-O b5 13. h4 Bxh4 14. Nf4 b4
15. Nce2 Qf6 16. Rh2 Bg5 17. Qg2 Bxf4 18. exf4 Rxe2 19. Bxe2 Qxf4+ 20. Kb1 Nf6
21. f3 Bd7 22. Qg1 Re8 23. Rg2 Nh7 24. Qh2 Qxh2 25. Rxh2 f6 26. f4 Re3 27. Rg2
Kf7 28. Rd3 Re7 29. a3 bxa3 30. Rxa3 Bc8 31. Bd3 Nf8 32. g5 hxg5 33. fxg5 f5
34. Re2 Rc7 35. Rc3 Ne6 36. Rg2 Nxd4 37. Be2 g6 38. Rh2 Nxe2 39. Rh7+ Kg8 40.
Rxc7 Nxc3+ 41. bxc3 Ba6 42. Rxc6 Bd3+ 43. Kc1 f4 44. Kd2 Be4 45. Rc7 a5 46. Ra7
a4 47. Rxa4 Kf7 48. Ra6 Ke7 49. Rf6 Bf5 50. Ke1 Be4 51. Kf2 Kd7 52. Rxf4 Ke6
53. Ke3 Ke5 54. Rxe4+ dxe4 55. c4 Kf5 56. c5 Ke5 57. c6 Kd6 58. Kxe4 Kxc6 59.
Ke5 1-0

[Event "DVM U20 2013"]
[Site "Osnabrück GER"]
[Date "2013.12.28"]
[Round "3"]
[White "Ignatov, Dmitriy"]
[Black "Bauschmann, Christoph"]
[Result "1-0"]
[Termination "normal"]
[Board "3.5"]
[WhiteElo "1706"]
[BlackElo "1896"]
[WhiteTeam "Heilbronner SV"]
[BlackTeam "Stader SV"]
[WhiteFideId "12927872"]
[BlackFideId "24603414"]
[EventCountry "GER"]
[EventRounds "7"]
[EventType "team-swiss"]
[EventDate "2013.12.26"]

1. e4 c5 2. Nf3 Nf6 3. c3 d5 4. exd5 Qxd5 5. d4 Nc6 6. Be3 Bg4 7. Be2 cxd4 8.
cxd4 e6 9. O-O Be7 10. Nc3 Qd6 11. Qd2 O-O 12. Rfd1 Nd5 13. Nxd5 Qxd5 14. b3
Rfd8 15. Bc4 Qh5 16. Be2 Qg6 17. Rac1 Rd5 18. Rxc6 Bxf3 19. Bxf3 bxc6 20. Bxd5
exd5 21. Rc1 Ba3 22. Re1 Qd6 23. Qc2 Bb4 24. Rc1 Ba3 25. Qxc6 Rd8 26. Qxd6 Bxd6
27. h3 Kf8 28. Rc6 Ke7 29. Kf1 Rb8 30. Ra6 Rb7 31. Ra5 Ke6 32. Ke2 Rc7 33. Ra6
Kd7 34. Kd3 Bb4 35. Bd2 Bd6 36. Rxd6+ Kxd6 37. Bf4+ Kd7 38. Bxc7 Kxc7 39. Kc3
Kb6 40. Kb4 f6 41. g4 g6 42. Ka4 h6 43. b4 a6 44. h4 f5 45. gxf5 1-0

[Event "DVM U20 2013"]
[Site "Osnabrück GER"]
[Date "2013.12.28"]
[Round "3"]
[White "Schwarz, Nico"]
[Black "Thren, Christian"]
[Result "1-0"]
[Termination "normal"]
[Board "3.6"]
[WhiteElo "1770"]
[BlackElo "1543"]
[WhiteTeam "Stader SV"]
[BlackTeam "Heilbronner SV"]
[WhiteFideId "12910333"]
[BlackFideId "12964344"]
[EventCountry "GER"]
[EventRounds "7"]
[EventType "team-swiss"]
[EventDate "2013.12.26"]

1. e4 d5 2. exd5 Qxd5 3. Nc3 Qd6 4. d4 Nf6 5. Nf3 Bg4 6. Be3 e6 7. h3 Bh5 8. g4
Bg6 9. Ne5 a6 10. Nxg6 hxg6 11. Qd2 Nc6 12. Bg2 O-O-O 13. O-O-O Qd7 14. Qe2 Nd5
15. Nxd5 exd5 16. c4 dxc4 17. Qxc4 Na5 18. Qc3 Qa4 19. Kb1 Kb8 20. d5 f6 21.
Rd4 Qb5 22. Bf1 Qc5 23. Rc4 Qxd5 24. Rd4 Bb4 25. Rxd5 Bxc3 26. Rxd8+ Rxd8 27.
bxc3 Nc6 28. Be2 Ne5 29. Rd1 Rxd1+ 30. Bxd1 Nc4 31. Kc2 Kc8 32. Be2 Ne5 33. f4
Nd7 34. Bd3 1-0

[Event "DVM U20 2013"]
[Site "Osnabrück GER"]
[Date "2013.12.28"]
[Round "3"]
[White "Wenninger, Philipp"]
[Black "Killmann, Martin"]
[Result "1-0"]
[Termination "normal"]
[Board "4.2"]
[WhiteElo "2239"]
[BlackElo "1829"]
[WhiteTeam "SC Erlangen"]
[BlackTeam "SC Forchheim"]
[WhiteFideId "4648404"]
[BlackFideId "24651559"]
[EventCountry "GER"]
[EventRounds "7"]
[EventType "team-swiss"]
[EventDate "2013.12.26"]

1. d4 d5 2. Nf3 Nf6 3. c4 dxc4 4. e3 e6 5. Bxc4 c5 6. O-O a6 7. dxc5 Qxd1 8.
Rxd1 Bxc5 9. Nbd2 b5 10. Be2 Bb7 11. Nb3 Be7 12. a4 b4 13. Na5 Bd5 14. Bc4 O-O
15. Bxd5 Nxd5 16. e4 Nf6 17. Bg5 Bd8 18. Nb7 Nc6 19. Re1 Be7 20. Rac1 Rac8 21.
h3 Rc7 22. Na5 Rfc8 23. Bf4 e5 24. Nxc6 Rxc6 25. Rxc6 Rxc6 26. Nxe5 Rc2 27. Nd3
h6 28. f3 Nd7 29. Rc1 Rxc1+ 30. Bxc1 Bc5+ 31. Kf1 a5 32. Ke2 Kf8 33. Be3 Bd6
34. Bd4 f6 35. Kd2 Ke7 36. Kc2 Kd8 37. Kb3 Kc7 38. Kc4 Kc6 39. f4 Be7 40. e5
fxe5 41. Nxe5+ Nxe5+ 42. Bxe5 g6 43. g4 Bd8 44. b3 Be7 45. Kd4 Bd8 46. Ke4 Be7
47. Bg7 h5 48. f5 hxg4 49. hxg4 gxf5+ 50. gxf5 Kd7 51. f6 1-0

[Event "DVM U20 2013"]
[Site "Osnabrück GER"]
[Date "2013.12.28"]
[Round "3"]
[White "Wegmann, Sven"]
[Black "Stephan, Michael"]
[Result "0-1"]
[Termination "normal"]
[Board "4.4"]
[WhiteElo "1683"]
[BlackElo "1863"]
[WhiteTeam "SC Erlangen"]
[BlackTeam "SC Forchheim"]
[WhiteFideId "1270756"]
[BlackFideId "24656852"]
[EventCountry "GER"]
[EventRounds "7"]
[EventType "team-swiss"]
[EventDate "2013.12.26"]

1. e4 e5 2. Nf3 Nc6 3. Bc4 Bc5 4. O-O d6 5. c3 Qe7 6. b4 Bb6 7. a4 a5 8. b5 Nb8
9. d4 Bg4 10. Bb2 Nf6 11. Nbd2 Nbd7 12. Re1 O-O 13. Qc2 Rad8 14. Ba3 h6 15. Qd3
Rfe8 16. Nh4 Nh5 17. Nhf3 Qf6 18. h3 Nf4 19. Qe3 Bxh3 20. dxe5 dxe5 21. Nd4
exd4 22. Qg3 dxc3 0-1

[Event "DVM U20 2013"]
[Site "Osnabrück GER"]
[Date "2013.12.28"]
[Round "3"]
[White "Wagner, Robert"]
[Black "Karataev, Phillip"]
[Result "1/2-1/2"]
[Termination "normal"]
[Board "4.5"]
[WhiteElo "1848"]
[BlackElo "1652"]
[WhiteTeam "SC Forchheim"]
[BlackTeam "SC Erlangen"]
[WhiteFideId "24656879"]
[BlackFideId "12908975"]
[EventCountry "GER"]
[EventRounds "7"]
[EventType "team-swiss"]
[EventDate "2013.12.26"]

1. d4 Nf6 2. c4 g6 3. Nc3 Bg7 4. e4 d6 5. f3 O-O 6. Be3 Nc6 7. Nge2 a6 8. d5
Ne5 9. Ng3 Bd7 10. Be2 Rb8 11. O-O h5 12. Qd2 h4 13. Nh1 b5 14. b3 b4 15. Nd1
c5 16. Nb2 Ra8 17. Bh6 a5 18. Bxg7 Kxg7 19. a4 Rh8 20. Nd3 Nxd3 21. Bxd3 e5 22.
Bc2 Nh5 23. Nf2 Nf4 24. Nd3 g5 25. Nxf4 gxf4 26. Rf2 Kf6 27. Kf1 Qg8 28. Ke2 h3
29. Rg1 hxg2 30. Rfxg2 Rxh2 31. Ke1 Rxg2 32. Rxg2 Qh7 33. Rh2 Bh3 34. Qxf4+
exf4 35. e5+ Kxe5 36. Bxh7 Bd7 37. Rh5+ f5 38. Kd2 Rh8 39. Rh6 Rf8 40. Kd3 Rf6
41. Rh2 Rf7 42. Bg8 Rg7 43. Be6 Re7 44. Bxd7 Rxd7 45. Rh6 Re7 46. Rg6 Re8
1/2-1/2